000 00996nac a22002411u 4500
010 _a 98110378
020 _a0946621594
020 _a0946621608 (pbk.)
035 _a(OCoLC)37894648
082 0 0 _a297.272
_bK151
090 _c2589
_d2589
100 _aKamali, Mohammad Hashi
245 1 0 _aFreedom of expression in Islam /
_cMohammad Hashim Kamali.
250 _aRev. ed.
260 _aCambridge :
_bIslamic Texts Society,1997.
_c1997
300 _a349 p. ;
_c24 cm.
504 _aIncludes bibliographical references (p. [302]-314) and index.
650 0 _aFreedom of speech in Islam.
856 4 2 _3Publisher description
_uhttp://www.loc.gov/catdir/enhancements/fy0609/98110378-d.html
856 4 2 _3Table of contents only
_uhttp://www.loc.gov/catdir/enhancements/fy0609/98110378-t.html
942 _cBB
_k297.272K151
999 _c2589
_d2589